| 000 -LEADER |
| fixed length control field |
01491pab a2200193 454500 |
| 008 - FIXED-LENGTH DATA ELEMENTS--GENERAL INFORMATION |
| fixed length control field |
180718b2000 xxu||||| |||| 00| 0 eng d |
| 100 ## - MAIN ENTRY--PERSONAL NAME |
| Personal name |
Rosenbloom, David H. |
| 245 ## - TITLE STATEMENT |
| Title |
Retrofitting the administrative state to the constitution: congress and the judiciary's twentieth-century progress |
| 260 ## - PUBLICATION, DISTRIBUTION, ETC. |
| Date of publication, distribution, etc. |
2000 |
| 300 ## - PHYSICAL DESCRIPTION |
| Extent |
p.39-46 |
| 362 ## - DATES OF PUBLICATION AND/OR SEQUENTIAL DESIGNATION |
| Dates of publication and/or sequential designation |
Jan-Feb |
| 520 ## - SUMMARY, ETC. |
| Summary, etc. |
One of the twentieth century's "big questions" for United States government has been how best to retrofit, or integrate, the full-fledged federal administrative state into the constitutional scheme. The public administration orthodoxy initially advocated placing the executive branch almost entirely under presidential control; Congress and the federal judiciary responded otherwise. Congress decided to treat the agencies as its extensions for legislative functions and to supervise them more closely. The courts developed an elaborate framework for imposing constitutional rights, values, and reasoning on public administration practice. As the challenge of retrofitting continues into the twenty-first century, public administrators might profitably play a larger role in the constitutional discourse regarding the administrative state's place in constitutional government. - Reproduced |
| 650 ## - SUBJECT ADDED ENTRY--TOPICAL TERM |
| Topical term or geographic name entry element |
United States. Congress |
| 650 ## - SUBJECT ADDED ENTRY--TOPICAL TERM |
| Topical term or geographic name entry element |
Judiciary - United States |
| 650 ## - SUBJECT ADDED ENTRY--TOPICAL TERM |
| Topical term or geographic name entry element |
Public administration - United States |
| 650 ## - SUBJECT ADDED ENTRY--TOPICAL TERM |
| Topical term or geographic name entry element |
Public administration |
| 773 ## - HOST ITEM ENTRY |
| Main entry heading |
Public Administration Review |
| 909 ## - |
| -- |
43989 |